SAN BERNARDO: EL SIGLO XII DE LA EUROPA CRISTIANA/

INCLUYE INDICE

Gespeichert in:
Bibliographische Detailangaben
1. Verfasser: Luddy, Ailbe J. (autor)
Format: Buch
Schriftenreihe:FORJADORES DE HISTORIA 5
Tags: Tag hinzufügen
Keine Tags, Fügen Sie das erste Tag hinzu!

MARC

LEADER 00000nam^a2200000^a^4500
001 000206395
005 20250521000000.0
009 20260310103148.202
035 |a 027156 
037 |a Acervo Xavier Clavigero 
082 |a 269. 1 LUD 
100 |a Luddy, Ailbe J.  |e (autor) 
245 1 0 |a SAN BERNARDO:  |b EL SIGLO XII DE LA EUROPA CRISTIANA/  |c AILBE J. LUDDY; TR. LUIS ECHAVARRIA 
264 |a Madrid, España :  |b Rialp,  |c 1963 
300 |a 773p. 
336 |a texto  |b txt  |2 rdacontenido 
337 |a sin mediación  |b n  |2 rdamedio 
338 |a volumen  |b nc  |2 rdasoporte 
440 |a FORJADORES DE HISTORIA 5 
520 |a INCLUYE INDICE 
520 |a TRADUCCIO DE: LIFE AND TEACHING OF ST. BERNARD 
649 |a XX 
910 |a Fondo General 
920 |a Impresos - Libros 
930 |a Colección General 
905 |a 101 
901 |a 027156  |b IT1  |c ACC  |i 027156  |u 20250521 
902 |a https://opac.biblio.iteso.mx/vufind/Record/000206395